Общая теория занятости, процента и денег: неадаптированное издание
| المؤلف الرئيسي: | |
|---|---|
| الملخص: | Книга на английском языке В книге представлен главный труд выдающегося английского экономиста Дж. М. Кейнса "Общая теория занятости, процента и денег". Произведение дано на языке оригинала. Знакомство с оригиналами творений классиков зарубежной литературы, науки, искусства поможет сегодняшним студентам составить более точное представление о неповторимой стилистике каждого автора, а также расширит словарный запас, знания об истории языка, фразеологии. Неадаптированное издание. |
| اللغة: | الإنجليزية الروسية |
| منشور في: |
Москва, Юрайт, 2019
|
| سلاسل: | Читаем в оригинале |
| الموضوعات: | |
| التنسيق: | MixedMaterials كتاب |
| KOHA link: | https://koha.lib.tpu.ru/cgi-bin/koha/opac-detail.pl?biblionumber=342504 |
MARC
| LEADER | 00000nam0a2200000 4500 | ||
|---|---|---|---|
| 001 | 342504 | ||
| 005 | 20231102005447.0 | ||
| 010 | |a 9785534060720 | ||
| 035 | |a (RuTPU)RU\TPU\book\371626 | ||
| 090 | |a 342504 | ||
| 100 | |a 20190315d2019 km y0rusy50 ca | ||
| 101 | 0 | |a eng |a rus | |
| 102 | |a RU | ||
| 105 | |a ac z 001zy | ||
| 200 | 1 | |a Общая теория занятости, процента и денег |d The General Theory of Employment, Interest & Money |e неадаптированное издание |f Дж. М. Кейнс | |
| 210 | |a Москва |c Юрайт |d 2019 | ||
| 215 | |a 342 с. |c ил. | ||
| 225 | 1 | |a Читаем в оригинале | |
| 300 | |a Книга на английском языке | ||
| 330 | |a В книге представлен главный труд выдающегося английского экономиста Дж. М. Кейнса "Общая теория занятости, процента и денег". Произведение дано на языке оригинала. Знакомство с оригиналами творений классиков зарубежной литературы, науки, искусства поможет сегодняшним студентам составить более точное представление о неповторимой стилистике каждого автора, а также расширит словарный запас, знания об истории языка, фразеологии. Неадаптированное издание. | ||
| 510 | 1 | |a The General Theory of Employment, Interest & Money |z eng | |
| 606 | 1 | |a Английский язык |x Учебные руководства и пособия |x Хрестоматии, книги для чтения |2 stltpush |3 (RuTPU)RU\TPU\subj\29075 |9 52487 | |
| 606 | 1 | |a Экономические учения |2 stltpush |3 (RuTPU)RU\TPU\subj\26610 |9 50500 | |
| 606 | 1 | |a Английский язык |x Учебные руководства и пособия |x Книги для чтения по различным специальностям. Технические хрестоматии |2 stltpush |3 (RuTPU)RU\TPU\subj\29076 |9 52488 | |
| 610 | 1 | |a экономика | |
| 610 | 1 | |a история | |
| 610 | 1 | |a Англия | |
| 610 | 1 | |a занятость | |
| 610 | 1 | |a проценты | |
| 610 | 1 | |a деньги | |
| 610 | 1 | |a лексика | |
| 610 | 1 | |a чтение | |
| 686 | |a У02(4/8) |v LBC/SL-A |2 rubbk | ||
| 686 | |a Ш143.21-923.8 |v LBC/SL-A |2 rubbk | ||
| 700 | 1 | |a Кейнс |b Дж. М. |c английский экономист ипублицист |c основоположник кейнсианства |f 1883-1946 |g Джон Мейнард |2 stltpush |3 (RuTPU)RU\TPU\pers\134 |9 78 | |
| 801 | 1 | |a RU |b 63413507 |c 20190315 | |
| 801 | 2 | |a RU |b 63413507 |c 20191031 |g RCR | |
| 942 | |c BK | ||
| 959 | |a 2/20190315 |d 1 |e 529,00 |f ЧЗИЛ:1 | ||